Diseases of the small intestine in childhood / (Record no. 6144)

MARC details
000 -LEADER
fixed length control field 00924nam a22002657a 4500
003 - CONTROL NUMBER IDENTIFIER
control field OSt
005 - DATE AND TIME OF LATEST TRANSACTION
control field 20250325023731.0
008 - FIXED-LENGTH DATA ELEMENTS--GENERAL INFORMATION
fixed length control field 250321t1999 |||||||| |||| 001 | eng d
020 ## - INTERNATIONAL STANDARD BOOK NUMBER
International Standard Book Number 1-901865-03-7
040 ## - CATALOGING SOURCE
Transcribing agency JMCFI - Learning Resource Center
082 ## - DEWEY DECIMAL CLASSIFICATION NUMBER
Classification number MAHL/Med. 618.92'34 W177 1999
100 ## - MAIN ENTRY--PERSONAL NAME
Personal name Walker-Smith, John
9 (RLIN) 19993
245 ## - TITLE STATEMENT
Title Diseases of the small intestine in childhood /
Statement of responsibility, etc. John Walker-Smith and Simon Murch.
250 ## - EDITION STATEMENT
Edition statement Fourth edition.
260 ## - PUBLICATION, DISTRIBUTION, ETC.
Place of publication, distribution, etc. UK :
Name of publisher, distributor, etc. Isis Medical Media Ltd.,
Date of publication, distribution, etc. 1999.
300 ## - PHYSICAL DESCRIPTION
Extent xi, 412 pages :
Other physical details black and white, illus. ;
Dimensions 28 cm
500 ## - GENERAL NOTE
General note Includes indexes.
504 ## - BIBLIOGRAPHY, ETC. NOTE
Bibliography, etc. note Includes bibliographical references.
650 ## - SUBJECT ADDED ENTRY--TOPICAL TERM
Topical term or geographic name entry element Intestine
Form subdivision Diseases.
9 (RLIN) 19994
650 ## - SUBJECT ADDED ENTRY--TOPICAL TERM
Topical term or geographic name entry element Intestinal diseases.
9 (RLIN) 19995
650 ## - SUBJECT ADDED ENTRY--TOPICAL TERM
Topical term or geographic name entry element Pediatric gastroenterology.
9 (RLIN) 19996
650 ## - SUBJECT ADDED ENTRY--TOPICAL TERM
Topical term or geographic name entry element Small intestine
Form subdivision Diseases.
9 (RLIN) 19997
700 ## - ADDED ENTRY--PERSONAL NAME
Personal name Murch, Simon
9 (RLIN) 19998
942 ## - ADDED ENTRY ELEMENTS (KOHA)
Source of classification or shelving scheme Dewey Decimal Classification
Koha item type Books
Suppress in OPAC No
Edition Fourth edition
Holdings
Withdrawn status Lost status Source of classification or shelving scheme Damaged status Not for loan Home library Current library Shelving location Date acquired Total Checkouts Full call number Barcode Date last seen Copy number Price effective from Koha item type
    Dewey Decimal Classification     LRC - Medical and Allied Health LRC - Medical and Allied Health MAHL - Medicine 11/28/2019   MAHL/Med. 618.92'34 W177 1999 MAHL00000978 03/21/2025 1 03/21/2025 Books